| 000 | 00799cam a22002533a 4500 | ||
|---|---|---|---|
| 001 | 15114 | ||
| 003 | PGUSA | ||
| 005 | 20140828083326.0 | ||
| 008 | 050216s2005||||xxu|||||s|||||000 | eng d | ||
| 040 |
_aPGUSA _beng |
||
| 042 | _adc | ||
| 050 | 4 | _aBC | |
| 100 | 1 |
_aBoole, George, _d1815-1864 |
|
| 245 | 1 | 3 |
_aAn Investigation of the Laws of Thought : _bOn which are founded the mathematical theories of logic and probabilities _h[electronic resource] / _cGeorge Boole |
| 260 |
_bProject Gutenberg, _c2005 |
||
| 506 | _aPublic domain in the USA. | ||
| 516 | _aElectronic text | ||
| 653 | _aProbabilities | ||
| 653 | _aLogic, Symbolic and mathematical | ||
| 653 | _aThought and thinking | ||
| 830 | 0 |
_aProject Gutenberg _v15114 |
|
| 856 | 4 | 0 | _uhttp://www.gutenberg.org/ebooks/15114 |
| 942 | _cEB | ||
| 999 |
_c244369 _d244369 |
||